| 000 | 00612nam a2200253Ia 4500 | ||
|---|---|---|---|
| 003 | OSt | ||
| 005 | 20221005132856.0 | ||
| 006 | a|||||r|||| 00| 0 | ||
| 007 | ta | ||
| 008 | 221004b |||||||| |||| 00| 0 tam d | ||
| 024 | _a47080 | ||
| 037 | _cTextual | ||
| 040 |
_aCRL _cCRL _btam |
||
| 041 |
_2tam _atam |
||
| 082 | _aNW1,N, 31L9.1 | ||
| 100 |
_aNeelakantan P. _9641785 |
||
| 245 | 0 | _aVannap pookkal | |
| 260 | _c1979 | ||
| 300 |
_a200p. _ccm. |
||
| 650 | _a TAMIL LANGUAGE | ||
| 650 | _aARTS | ||
| 942 |
_hNW1,N, 31L9.1 _cTEXL _2cc |
||
| 999 |
_c1065094 _d1065094 |
||